Normal view
MARC view
Entry Personal Name
001 - CONTROL NUMBER
- control field: 46522
003 - CONTROL NUMBER IDENTIFIER
- control field: dpl
005 - DATE AND TIME OF LATEST TRANSACTION
- control field: 20120507112301.0
008 - FIXED-LENGTH DATA ELEMENTS
- fixed length control field: 120507|||a|||||| | ||| d
040 ## - CATALOGING SOURCE
- Original cataloging agency: dpl
- Transcribing agency: dpl
100 ## - HEADING--PERSONAL NAME
- Personal name: Ramaswamy, E.A.
670 ## - SOURCE DATA FOUND
- Source citation: Work cat.: (dpl): Ramaswamy, E.A., A question of balance :, 1997
670 ## - SOURCE DATA FOUND
- Source citation: Work cat.: (dpl): Ramaswamy, E.A., A question of balance :, 1997
